000 02803cam a2200253 4500500
005 20251228065218.0
041 _afre
042 _adc
100 1 0 _aGanem, Valérie
_eauthor
245 0 0 _aSeul le travail rentable est évalué
260 _c2011.
500 _a94
520 _aRésuméÀ partir de deux enquêtes de psychodynamique du travail menées au sein d’un hôpital et d’une banque, nous proposons de montrer que tout un pan du travail prescrit, le travail non valorisable, échappe aux systèmes d’évaluation au même titre que le travail réel. Les activités qui échappent à l’évaluation sont celles qui concernent le travail relationnel, le travail administratif, le travail d’entretien des équipements, de traitement des réclamations… Elles ne produisent pas de valeur ajoutée mesurable et sont donc difficiles à codifier et à enregistrer dans les systèmes informatiques de contrôle de gestion sur lesquels se basent les systèmes d’évaluation pris en compte ici.
520 _aOn the ground of two inquiries into the psychodynamics of work, led in a hospital and in a bank, we suggest to show that a whole branch of prescribed work, the work which is impossible to value, is missed by assessment systems, just like the real work is. The activities which are missed by assessment practices are the ones concerned with relational work, administrative work, maintenance of equipment work, complaints handling processes, etc. These activities do not produce any measurable added value, therefore they are hard to codify and to record into the computer systems of management control on which the assessment systems that we have been studying are based.
520 _aResumenA partir de dos investigaciones de psicodinámica del trabajo llevadas a cabo en un hospital y en un banco, tenemos la intención de demostrar que una sección entera del trabajo prescrito, el trabajo no valorizable, escapa a los sistemas de evaluación en la misma medida que el trabajo real. Las actividades que no considera la evaluación son las que están relacionadas con el trabajo relacional, el trabajo administrativo, el trabajo de mantenimiento de equipos, del procesamiento de las reclamaciones… Esas actividades no producen una plusvalía que sea cuantificable y por lo tanto son difíciles de codificar y de grabar en los sistemas informáticos de control de la gestión en los que se basan los sistemas de evaluación considerados aquí.
690 _aévaluation
690 _arentabilité
690 _atravail
690 _aassessment
690 _aprofit
690 _awork
786 0 _nTravailler | 25 | 1 | 2011-03-10 | p. 129-143 | 1620-5340
856 4 1 _uhttps://shs.cairn.info/revue-travailler-2011-1-page-129?lang=fr&redirect-ssocas=7080
999 _c1591010
_d1591010